000 00598nam a2200229Ia 4500
003 OSt
005 20221005123031.0
006 a|||||r|||| 00| 0
007 ta
008 221004b |||||||| |||| 00| 0 urd d
024 _a44720
037 _cTextual
040 _aCRL
_cCRL
_burd
041 _2urd
_aurd
082 _aV2.G0<-D96, 168K0
100 _aDehalvi Abdurrehman Au.
_9188337
245 0 _aKhandan-e-Ghaznavi wa Gauri
260 _c1960
650 _aHISTORY
942 _hV2.G0<-D96, 168K0
_cTEXL
_2cc
999 _c1046194
_d1046194